Irreverentes en el trabajo : cómo romper las reglas de las compañías para liberar el potencial emprendedor /
Guardado en:
| Autor Principal: | |
|---|---|
| Formato: | Libro |
| Idioma: | Spanish |
| Publicado: |
Buenos Aires :
Ediciones B,
2017.
|
| Edición: | 1a. ed. |
| Materias: | |
| Etiquetas: |
Agregar Etiqueta
Sin Etiquetas, Sea el primero en etiquetar este registro!
|
| LEADER | 01144nam a22001935a 4500 | ||
|---|---|---|---|
| 001 | EAD.ead004286 | ||
| 008 | 181030s2017####ag############000#0#spa#d | ||
| 005 | 20190607114601.0 | ||
| 245 | 1 | 0 | |a Irreverentes en el trabajo : |b cómo romper las reglas de las compañías para liberar el potencial emprendedor / |c Mercedes de la Fuente. |
| 250 | |a 1a. ed. | ||
| 260 | |a Buenos Aires : |b Ediciones B, |c 2017. | ||
| 300 | |a 249 p. ; |c 23 cm. | ||
| 500 | |a "¿Por qué las empresas generan sus propias ineficiencias en la gestión de los recursos humanos? ¿Es posible hacer organizaciones más flexibles, creativas e innovadoras a través de los emprendedores internos?. Un libro que brinda herramientas para entender el cambio necesario desde la raíz y muestra, con casos prácticos e iniciativas fácilmente aplicables, cómo liberar esta fuerza invisible de los emprendedores corporativos desde el rol de las organizaciones"--Contratapa. | ||
| 020 | |a 9789876278133 | ||
| 100 | 1 | |a Fuente, Mercedes de la, |d 1974- | |
| 082 | 0 | 4 | |a 658.11 |2 21 |
| 653 | |a Emprendedores | ||
| 653 | |a Lectura recreativa | ||
| 859 | |a AR-BaBDC |b BIB. ADMINISTRACION - Libros |h 658.11 |i F952 |p b06918 | ||
